Hóa lý : Dùng cho sinh viên Hóa các trường Đại học Tổng hợp và Sư phạm

محفوظ في:
التفاصيل البيبلوغرافية
المؤلف الرئيسي: Nguyễn, Văn Tuế
التنسيق: كتاب
اللغة:Undetermined
منشور في: Hà Nội Giáo Dục 2004
الموضوعات:
الوسوم: إضافة وسم
لا توجد وسوم, كن أول من يضع وسما على هذه التسجيلة!
Thư viện lưu trữ: Trung tâm Học liệu Trường Đại học Cần Thơ
LEADER 00647nam a2200205Ia 4500
001 CTU_104034
008 210402s9999 xx 000 0 und d
020 |c 23000 
082 |a 541.37 
082 |b T507/T.4 
100 |a Nguyễn, Văn Tuế 
245 0 |a Hóa lý : 
245 0 |b Dùng cho sinh viên Hóa các trường Đại học Tổng hợp và Sư phạm 
245 0 |c Nguyễn Văn Tuế 
260 |a Hà Nội 
260 |b Giáo Dục 
260 |c 2004 
650 |a Chemistry, physical and theoretical,Electrochemistry 
904 |i Minh 
980 |a Trung tâm Học liệu Trường Đại học Cần Thơ